| 000 | 00370nam a2200145 a 4500 | ||
|---|---|---|---|
| 005 | 20140412111325.0 | ||
| 008 | 110128s19uu xx 00 eng d | ||
| 020 | _a0-920303-05-6 | ||
| 050 |
_aTR(PS E _bFr91 1987 |
||
| 100 | _aPare' , Roger | ||
| 245 |
_aA Friend like you / _cRoger Pare'. |
||
| 260 |
_aNY : _bAnnick press, _c1987. |
||
| 300 | _aunp. | ||
| 999 |
_c104580 _d104580 |
||